000 00301nam a22001337a 4500
008 170331b xxu||||| |||| 00| 0 eng d
020 _a0721683169
041 _aeng
080 _22ND
_a617
100 _a8
101 _aSHM
245 _aPHYSICAL THERAPY FOR CHILDREN
_cCAMPBELL, S.K
942 _2udc
_cBK
999 _c9346
_d9346